000
00284nam a22001217a 4500
020
_a
07-005030-9
082
_a
551.5 HAN'B
100
_a
BOLLAY, E,BERY, F.A
_9
79008
245
_a
HANDBOOK OF METEOROLOGY
260
_a
NEWYORK
_b
MCGRAW HILL
_c
1973
300
_a
IX, 1068P
942
_c
BK
999
_c
584078
_d
584078